000 01247nam a2200349 i 4500
001 34799
003 KOSZ 005
005 20200423133201.0
008 070620s1969 pl g 000 0 pol
015 _aPB 1969/6781
040 _aWA N
_cWA N
_dKOSZ 005/RW
_dKOSZ 005/HR
041 _apol
_arus
046 _k1969
080 _a62(038)=161.1=162.1
245 0 0 _aWielki słownik techniczny rosyjsko-polski =
_bBol'šoj rusko-pol'skij politehničeskij slovar /
_cred. Marian Porwit, Jan Szarski.
246 3 1 _aBol'šoj rusko-pol'skij politehničeskij slovar.
250 _aWyd. 2 wł. 3 nie zm.
260 _aWarszawa :
_bWydawnictwa Naukowo-Techniczne,
_c1969.
300 _a[10], 1401, [3] s. ;
_c23 cm.
380 _aKsiążki.
388 _a1901-2000
658 _aInżynieria i technika
658 _aJęzykoznawstwo
650 4 _aTerminologia
650 4 _aTechnika
655 4 _aSłownik rosyjsko-polski
700 1 _aPorwit, Marian.
_eRedakcja
710 2 _aWydawnictwa Naukowo-Techniczne
_4pbl.
700 1 _aSzarski, Jan
_d(1915-2000)
_eRedakcja
856 _uhttp://koha.tu.koszalin.pl/cgi-bin/koha/opac-detail.pl?biblionumber=34799
_yKatalog online BPK
942 _2UKD
_cKS
999 _c34799
_d34799